| 000 | 00802nam a2200193 a 4500 | ||
|---|---|---|---|
| 008 | 200720s2018 ||||||||||||||||| || u | ||
| 020 | _a9781108727693 | ||
| 050 | _aHD 58.7 Hof | ||
| 100 | _aJennings, P. Devereaux | ||
| 245 | 1 | 0 |
_aRe-engaging with sustainability in the Anthropocene era : an institutional approach _cBy Andre J. Hoffman and P. Devereaux Jennings |
| 260 |
_aCambridge _bCambridge University Press _c2018 |
||
| 300 | _a93 pages | ||
| 490 | _aElements in organizational theory | ||
| 650 | 0 | _aSUSTAINABILITY | |
| 650 | _aORGANISATIONAL SOCIOLOGY | ||
| 650 | _aORGANISATIONAL BEHAVIOUR | ||
| 700 | _aHoffman, Andrew J | ||
| 995 |
_D29.34 _FCBU-MAIN LIBRARY (Kitwe) _M1 _UAVAILABLE _WJul 27, 2020 _ZMain Library Open Access Collection |
||
| 999 |
_c55613 _d55613 |
||